[Event "IX Festival A"]
[Site "Campobasso ITA"]
[Date "2002.07.12"]
[Round "2"]
[White "Ragnoni, Alessandro"]
[Black "Piscopo, Pierluigi"]
[Result "0-1"]
[WhiteElo "1756"]
[BlackElo "2289"]
[PlyCount "54"]
[EventDate "2002.07.12"]

1. e4 c5 2. Nf3 e6 3. d4 cxd4 4. Nxd4 Nf6 5. Nc3 Nc6 6. Ndb5 d6 7. Bf4 e5 8.
Bg5 a6 9. Na3 b5 10. Nd5 Be7 11. Bxf6 Bxf6 12. c3 Bg5 13. h4 Be7 14. Nc2 O-O
15. Nce3 g6 16. h5 Bg5 17. Qc2 Be6 18. Bd3 Ne7 19. g3 Bxd5 20. Nxd5 Nxd5 21.
exd5 Kg7 22. g4 Qf6 23. Qe2 e4 24. Bxe4 Rae8 25. f3 Qf4 26. Qg2 f5 27. gxf5
gxf5 0-1

[Event "IX Festival A"]
[Site "Campobasso ITA"]
[Date "2002.07.12"]
[Round "2"]
[White "Rossetti, Giovanni"]
[Black "Santurbano, Maria Vincenza"]
[Result "1/2-1/2"]
[WhiteElo "1827"]
[BlackElo "1743"]
[PlyCount "38"]
[EventDate "2002.07.12"]

1. d4 d5 2. Nf3 Nf6 3. Bf4 e6 4. e3 Be7 5. Nbd2 Nbd7 6. Bd3 c5 7. c4 b6 8. Qa4
O-O 9. O-O Bb7 10. Ne5 Nxe5 11. Bxe5 Nd7 12. Rfd1 Nxe5 13. dxe5 Qc7 14. f4 dxc4
15. Nxc4 Bc6 16. Qc2 g6 17. Nd6 Rad8 18. Ne4 Bxe4 19. Bxe4 Rxd1+ 1/2-1/2

[Event "IX Festival A"]
[Site "Campobasso ITA"]
[Date "2002.07.12"]
[Round "2"]
[White "Sacchini, Marco"]
[Black "Petruccioli, Antonio"]
[Result "1-0"]
[WhiteElo "2047"]
[BlackElo "2078"]
[PlyCount "53"]
[EventDate "2002.07.12"]

1. d4 d5 2. c4 c6 3. Nf3 dxc4 4. a4 b5 5. g3 e6 6. Bg2 Qa5+ 7. Bd2 Bb4 8. O-O
Ne7 9. Ne5 f6 10. Nf3 Nd5 11. Nc3 Bxc3 12. bxc3 Qb6 13. e4 Ne7 14. Be3 a6 15.
d5 Qb7 16. d6 Ng6 17. e5 O-O 18. h4 Qd7 19. exf6 Bb7 20. h5 Nh8 21. Ne5 Qd8 22.
fxg7 Rf5 23. gxh8=Q+ Kxh8 24. f4 Rxe5 25. fxe5 Nd7 26. Rf7 Kg8 27. Re7 1-0

[Event "IX Festival A"]
[Site "Campobasso ITA"]
[Date "2002.07.12"]
[Round "2"]
[White "Scalcione, Michelangelo"]
[Black "Gerardi, Saverio"]
[Result "1/2-1/2"]
[WhiteElo "2368"]
[BlackElo "2146"]
[PlyCount "77"]
[EventDate "2002.07.12"]

1. Nf3 Nf6 2. c4 e6 3. Nc3 c5 4. g3 Nc6 5. Bg2 Be7 6. O-O O-O 7. d4 cxd4 8.
Nxd4 a6 9. b3 Qc7 10. Bb2 b6 11. Rc1 Bb7 12. Nd5 Qd8 13. Nxe7+ Qxe7 14. e4 Rfd8
15. e5 Ne8 16. f4 Rab8 17. Nc2 d6 18. exd6 Qxd6 19. Qxd6 Rxd6 20. Rcd1 Rbd8 21.
Rxd6 Rxd6 22. Nd4 Nxd4 23. Bxb7 Ne2+ 24. Kf2 Rd2 25. Be5 f6 26. Ke3 Rxa2 27.
Ra1 Rxa1 28. Bxa1 Nc1 29. b4 Nb3 30. Bc3 a5 31. bxa5 Nxa5 32. Ba6 Nc7 33. Bb5
Nxb5 34. cxb5 Nc4+ 35. Kd3 Nd6 36. Bd4 Nxb5 37. Bxb6 Nd6 38. Bc5 Ne8 39. Ke4
1/2-1/2

[Event "IX Festival A"]
[Site "Campobasso ITA"]
[Date "2002.07.12"]
[Round "2"]
[White "Shytaj, Carlo"]
[Black "Collutiis, Duilio"]
[Result "1/2-1/2"]
[WhiteElo "2112"]
[BlackElo "2308"]
[PlyCount "48"]
[EventDate "2002.07.12"]

1. e4 c5 2. c3 Nf6 3. e5 Nd5 4. d4 cxd4 5. Nf3 e6 6. cxd4 b6 7. Nc3 Nxc3 8.
bxc3 Qc7 9. Bd2 d6 10. Bd3 Nd7 11. O-O Bb7 12. Re1 Be7 13. Qe2 dxe5 14. Nxe5
Nxe5 15. Qxe5 Qxe5 16. Rxe5 O-O 17. a4 Bd6 18. Ree1 Bc6 19. Reb1 e5 20. a5 exd4
21. axb6 axb6 22. cxd4 Rxa1 23. Rxa1 Ra8 24. Rb1 Rb8 1/2-1/2

[Event "IX Festival A"]
[Site "Campobasso ITA"]
[Date "2002.07.12"]
[Round "2"]
[White "Stromboli, Ettore"]
[Black "Passerotti, Pierluigi"]
[Result "1/2-1/2"]
[WhiteElo "1771"]
[BlackElo "2284"]
[PlyCount "147"]
[EventDate "2002.07.12"]

1. e4 c5 2. Nf3 d6 3. d4 cxd4 4. Nxd4 Nf6 5. Nc3 a6 6. Bg5 e6 7. f4 Be7 8. Qf3
Qc7 9. O-O-O Nbd7 10. g4 b5 11. Bg2 Bb7 12. Qe2 b4 13. Na4 Nc5 14. Nxc5 dxc5
15. Nb3 Rc8 16. e5 Bxg2 17. Qxg2 Nd5 18. Bxe7 Qxe7 19. Na5 c4 20. Rxd5 exd5 21.
Qxd5 O-O 22. Nxc4 Qc7 23. b3 a5 24. Rd1 a4 25. Qd6 Qa7 26. Nb6 Rb8 27. Nxa4 h6
28. Qc5 Qa8 29. Qd5 Qa6 30. Qf3 Rfc8 31. f5 Rb5 32. Qe4 Re8 33. e6 fxe6 34. f6
Qb7 35. Nc5 Qf7 36. Qc6 Rbb8 37. fxg7 Rbc8 38. Qd6 Qxg7 39. Kb1 Qc3 40. Qd3
Qxd3 41. Nxd3 Rb8 42. Re1 Rb5 43. Re4 Kf7 44. Nxb4 h5 45. h3 hxg4 46. hxg4 Rg5
47. a4 Kf6 48. Nc6 Rc8 49. Nd4 Re5 50. g5+ Rxg5 51. Rxe6+ Kf7 52. Rc6 Rd8 53.
Ne6 Rd1+ 54. Kb2 Rg6 55. b4 Rxe6 56. Rc4 Ree1 57. a5 Ra1 58. Rc6 Ke7 59. c4 Kd7
60. Rb6 Reb1+ 61. Kc3 Ra4 62. c5 Rc1+ 63. Kb3 Raa1 64. a6 Kc7 65. Rb7+ Kc8 66.
Rb6 Kc7 67. Rh6 Kb8 68. Rc6 Ka7 69. Kb2 Rcb1+ 70. Kc3 Rxa6 71. Rc7+ Kb8 72. Rh7
Ra2 73. Kc4 Ra4 74. Rh8+ 1/2-1/2

[Event "IX Festival A"]
[Site "Campobasso ITA"]
[Date "2002.07.12"]
[Round "2"]
[White "Voiska, Margarita"]
[Black "Gardon, Ermanno"]
[Result "1-0"]
[WhiteElo "2356"]
[BlackElo "2108"]
[PlyCount "109"]
[EventDate "2002.07.12"]

1. c4 e5 2. g3 Nf6 3. Bg2 d5 4. cxd5 Nxd5 5. Nf3 Nc6 6. O-O Be7 7. d4 e4 8. Ne5
f5 9. Nxc6 bxc6 10. Qa4 Qd6 11. Nc3 O-O 12. Nxd5 cxd5 13. Bf4 Qa6 14. Qb3 Be6
15. Rfc1 Bd6 16. Bxd6 Qxd6 17. Qc3 Rf7 18. Qc5 Qb6 19. e3 Rb8 20. b3 g5 21.
Qxb6 cxb6 22. Rc6 Re8 23. f4 exf3 24. Bxf3 Rd7 25. Kf2 Kg7 26. Rac1 Ree7 27. h4
h6 28. Be2 Bf7 29. Bd3 Bg6 30. Ke2 Bh7 31. hxg5 hxg5 32. Rh1 Kf8 33. Rc8+ Kg7
34. Rxh7+ Kxh7 35. Bxf5+ Kg7 36. Bxd7 Rxd7 37. Kf3 Kg6 38. Rc6+ Kf7 39. Kg4 Re7
40. Rd6 Rxe3 41. Rxd5 Rd3 42. Rf5+ Ke7 43. Rf3 Rxd4+ 44. Kxg5 a5 45. g4 Rd2 46.
a4 Rd5+ 47. Kg6 b5 48. axb5 Rxb5 49. g5 Re5 50. Kh6 Re1 51. g6 Rh1+ 52. Kg7 Re1
53. Kg8 Re6 54. g7 Re1 55. Rh3 1-0

[Event "IX Festival A"]
[Site "Campobasso ITA"]
[Date "2002.07.12"]
[Round "2"]
[White "Zaja, Ivan"]
[Black "Shytaj, Luca"]
[Result "1-0"]
[WhiteElo "2459"]
[BlackElo "2216"]
[PlyCount "73"]
[EventDate "2002.07.12"]

1. d4 Nf6 2. c4 e6 3. Nf3 b6 4. Nc3 Bb7 5. Bg5 Be7 6. e3 d6 7. Bd3 Nbd7 8. e4
c5 9. O-O h6 10. Be3 Rc8 11. d5 e5 12. Ne1 O-O 13. Bc2 Ne8 14. g3 g5 15. Ng2
Ng7 16. f4 f6 17. Ba4 Rb8 18. Bc6 Bc8 19. f5 Rf7 20. a3 Nf8 21. b4 a6 22. Rb1
Qc7 23. Qa4 Nh7 24. Rb2 Bf8 25. g4 Bb7 26. bxc5 bxc5 27. Rfb1 Bxc6 28. dxc6
Rxb2 29. Rxb2 Qa7 30. Nd5 Ne8 31. Qa5 Qa8 32. Qb6 Kh8 33. Bd2 h5 34. h3 Kg8 35.
Nge3 h4 36. Ba5 Kh8 37. Kf2 1-0

[Event "IX Festival A"]
[Site "Campobasso ITA"]
[Date "2002.07.13"]
[Round "3"]
[White "Cappai, Davide"]
[Black "Di Giulio, Massimo"]
[Result "1-0"]
[WhiteElo "1774"]
[BlackElo "1651"]
[PlyCount "95"]
[EventDate "2002.07.12"]

1. e4 c5 2. Nf3 d6 3. d4 cxd4 4. Nxd4 Nf6 5. Nc3 g6 6. Be2 Bg7 7. Be3 Nc6 8.
Qd2 O-O 9. f3 Nxd4 10. Bxd4 Be6 11. g4 Qa5 12. g5 Nd7 13. Nb5 Qxd2+ 14. Kxd2 a6
15. Bxg7 Kxg7 16. Nc7 Rac8 17. Nxe6+ fxe6 18. c3 Ne5 19. Raf1 Rf4 20. Ke3 Rcf8
21. h4 d5 22. Kd4 Nxf3+ 23. Bxf3 Rxf3 24. Rxf3 Rxf3 25. exd5 Kf7 26. dxe6+ Kxe6
27. Re1+ Kd6 28. a4 b5 29. axb5 axb5 30. b3 Rf5 31. Re4 e5+ 32. Ke3 Kd5 33. c4+
bxc4 34. Rxc4 Rf1 35. Rc7 Rb1 36. Rb7 e4 37. Rb5+ Kc6 38. Rb4 Kd5 39. Rd4+ Kc5
40. b4+ Rxb4 41. Rxb4 Kxb4 42. Kxe4 Kc4 43. Ke5 Kc5 44. Kf6 Kd5 45. Kg7 Ke6 46.
Kxh7 Kf7 47. Kh6 Kg8 48. Kxg6 1-0

[Event "IX Festival A"]
[Site "Campobasso ITA"]
[Date "2002.07.13"]
[Round "3"]
[White "Collutiis, Duilio"]
[Black "Sacchini, Marco"]
[Result "1-0"]
[WhiteElo "2308"]
[BlackElo "2047"]
[PlyCount "64"]
[EventDate "2002.07.12"]

1. e4 g6 2. d4 Bg7 3. Nf3 d6 4. Nc3 Nf6 5. Be3 c6 6. Qd2 O-O 7. Bh6 Qc7 8. h4
Nh5 9. O-O-O e5 10. Be3 Bg4 11. Be2 Re8 12. Ng1 Bxe2 13. Ngxe2 Nf6 14. f3 Nbd7
15. d5 c5 16. g4 Nf8 17. h5 a6 18. Rdg1 b5 19. Ng3 Reb8 20. Nf5 Ne8 21. Nxg7
Nxg7 22. f4 exf4 23. Bxf4 Ne8 24. e5 dxe5 25. d6 Qxd6 26. Qxd6 Nxd6 27. Bxe5
Rd8 28. Nd5 f6 29. Bxf6 Rdb8 30. Be5 Rd8 31. Rf1 Rd7 32. Nf6+ Kf7 1-0

[Event "IX Festival A"]
[Site "Campobasso ITA"]
[Date "2002.07.13"]
[Round "3"]
[White "Gaoni, Vincenzo"]
[Black "Lorusso, Lucio"]
[Result "1-0"]
[WhiteElo "1755"]
[BlackElo "1902"]
[PlyCount "43"]
[EventDate "2002.07.12"]

1. e4 d5 2. d4 dxe4 3. f3 Nf6 4. Nc3 exf3 5. Nxf3 Bg4 6. Bc4 e6 7. Be3 Bb4 8.
O-O c6 9. h3 Bh5 10. Ne2 Nbd7 11. Nf4 Bg6 12. c3 Bd6 13. Qb3 Qc7 14. Bxe6 Bxf4
15. Bxf4 Qxf4 16. Bxd7+ Nxd7 17. Rae1+ Kd8 18. Ne5 Qg3 19. Qxb7 Nxe5 20. Qxa8+
Kc7 21. Qxa7+ Kc8 22. Rxe5 1-0

[Event "IX Festival A"]
[Site "Campobasso ITA"]
[Date "2002.07.13"]
[Round "3"]
[White "Gardon, Ermanno"]
[Black "Orfali, Marcelo Rafael"]
[Result "0-1"]
[WhiteElo "2108"]
[BlackElo "1800"]
[PlyCount "100"]
[EventDate "2002.07.12"]

1. e4 d5 2. exd5 Nf6 3. c4 e6 4. Nc3 exd5 5. d4 Bb4 6. Bd3 O-O 7. Nge2 dxc4 8.
Bxc4 Nc6 9. a3 Be7 10. O-O a6 11. Ba2 Bf5 12. Bf4 Nh5 13. Be3 Nf6 14. Ng3 Bg6
15. f4 Bd6 16. f5 Bxg3 17. fxg6 Bd6 18. Bxf7+ Kh8 19. Bg5 Be7 20. Rf4 h6 21.
Rh4 Nh7 22. Bxe7 Qxe7 23. Re4 Qd6 24. Re6 Qd7 25. Re3 Nf6 26. d5 Ne7 27. Qd3
Rad8 28. Rd1 Qd6 29. Ne4 Nxe4 30. Qxe4 Ng8 31. h3 Nf6 32. Qe7 Qb6 33. b4 Rde8
34. Bxe8 Rxe8 35. Qxe8+ Nxe8 36. Rde1 Nf6 37. Kh1 Ng8 38. Re8 Qxg6 39. Rc8 Qf7
40. Rd8 Kh7 41. Ree8 Nf6 42. Rf8 Qe7 43. Rh8+ Kg6 44. Rb8 Qe1+ 45. Kh2 Qe5+ 46.
Kh1 Qxd5 47. Rbc8 b6 48. Rhd8 Qe4 49. Ra8 Nh5 50. Re8 Qc6 0-1

[Event "IX Festival A"]
[Site "Campobasso ITA"]
[Date "2002.07.13"]
[Round "3"]
[White "Grimaldi, Pasquale"]
[Black "Ragnoni, Alessandro"]
[Result "0-1"]
[WhiteElo "1702"]
[BlackElo "1756"]
[PlyCount "120"]
[EventDate "2002.07.12"]

1. Nf3 d5 2. b3 Nf6 3. Bb2 g6 4. e3 Bg7 5. d4 Bg4 6. h3 Bxf3 7. Qxf3 Nbd7 8. c4
c6 9. Nd2 O-O 10. Bd3 Re8 11. O-O e5 12. Qd1 e4 13. Be2 Nf8 14. cxd5 cxd5 15.
Ba3 Ne6 16. Rc1 Nd7 17. Nb1 a6 18. Qd2 f5 19. Nc3 Nf6 20. Na4 Nd7 21. Rc2 h5
22. Rfc1 f4 23. Nc5 Ndxc5 24. Bxc5 Qg5 25. Kh2 Bh6 26. Rc3 Rad8 27. Ba3 Ng7 28.
Re1 Nf5 29. Bf1 Rd7 30. exf4 Qxf4+ 31. Qxf4 Bxf4+ 32. g3 Bd2 33. Rec1 Bxc3 34.
Rxc3 Nxd4 35. Bb2 Nf3+ 36. Kg2 d4 37. Bc4+ Kh7 38. Rc1 d3 39. b4 Nd2 40. Bb3
Nxb3 41. axb3 d2 42. Rd1 Rc8 43. b5 axb5 44. Ba3 Rc3 45. Bb4 Rxb3 46. Rxd2 Rxd2
47. Bxd2 Rd3 48. Be1 Kg7 49. Kf1 Rd1 50. Ke2 Rxe1+ 51. Kxe1 Kf6 52. Ke2 Ke5 53.
Ke3 b4 54. Kd2 Kd4 55. Kc2 Kc4 56. Kd2 b3 57. g4 h4 58. g5 b6 59. Ke3 b2 60.
Kf4 b1=Q 0-1

[Event "IX Festival A"]
[Site "Campobasso ITA"]
[Date "2002.07.13"]
[Round "3"]
[White "Kasparov, Sergey"]
[Black "Voiska, Margarita"]
[Result "1/2-1/2"]
[WhiteElo "2462"]
[BlackElo "2356"]
[PlyCount "82"]
[EventDate "2002.07.12"]

1. d4 d6 2. e4 Nf6 3. Nc3 e5 4. dxe5 dxe5 5. Qxd8+ Kxd8 6. Bc4 Be6 7. Bxe6 fxe6
8. f3 Bb4 9. Nge2 Nbd7 10. Be3 a6 11. O-O-O Ke7 12. Nb1 b5 13. Nd2 Bd6 14. c4
Bc5 15. Bxc5+ Nxc5 16. Kc2 b4 17. Nc1 a5 18. Ndb3 Nb7 19. Nd3 Nd7 20. a3 a4 21.
Nd2 bxa3 22. bxa3 c5 23. Kc3 Na5 24. Rb1 Nc6 25. Rb7 Kd6 26. Rhb1 Rhc8 27. f4
exf4 28. e5+ Ke7 29. Nxc5 Ncxe5 30. Nxd7 Nxd7 31. Ne4 Kd8 32. Ng5 Ra6 33. Nf7+
Ke8 34. Ng5 Rac6 35. R1b4 Nf6 36. Kb2 h6 37. Nf3 Rxc4 38. Rxc4 Rxc4 39. Rxg7
Re4 40. Kc2 e5 41. Nd2 Rd4 1/2-1/2

[Event "IX Festival A"]
[Site "Campobasso ITA"]
[Date "2002.07.13"]
[Round "3"]
[White "Lorusso, Giuseppe"]
[Black "Bove, Raffaele"]
[Result "1-0"]
[WhiteElo "1708"]
[BlackElo "1720"]
[PlyCount "35"]
[EventDate "2002.07.12"]

1. d4 Nf6 2. c4 e6 3. Nc3 d5 4. Bg5 c6 5. e3 Be7 6. Nf3 O-O 7. Bd3 Nbd7 8. O-O
dxc4 9. Bxc4 b5 10. Bd3 b4 11. Na4 c5 12. Qe2 cxd4 13. Nxd4 Bb7 14. Bh4 Nd5 15.
Bg3 Rc8 16. Rac1 Qa5 17. b3 Bc6 18. Nxc6 1-0

[Event "IX Festival A"]
[Site "Campobasso ITA"]
[Date "2002.07.13"]
[Round "3"]
[White "Mrdja, Milan"]
[Black "Zaja, Ivan"]
[Result "0-1"]
[WhiteElo "2370"]
[BlackElo "2459"]
[PlyCount "64"]
[EventDate "2002.07.12"]

1. e4 e5 2. Nf3 Nc6 3. Bb5 a6 4. Ba4 Nf6 5. O-O b5 6. Bb3 Bb7 7. d3 Bc5 8. c3
d6 9. Kh1 h6 10. Nh4 Bc8 11. Nf5 Bxf5 12. exf5 Qd7 13. a4 O-O 14. Bc2 d5 15.
Nd2 Bd6 16. g4 Rae8 17. Rg1 e4 18. d4 Nh7 19. Nf1 Qe7 20. f4 exf3 21. Qxf3 Qh4
22. Bf4 Bxf4 23. Qxf4 Re2 24. Rg2 Re1 25. Rxe1 Qxe1 26. Qf2 Re8 27. Kg1 Ng5 28.
Qg3 Na5 29. axb5 axb5 30. Bd3 Qd1 31. Rf2 Nc4 32. f6 Re3 0-1

[Event "IX Festival A"]
[Site "Campobasso ITA"]
[Date "2002.07.13"]
[Round "3"]
[White "Orfali, Marcelo Rafael"]
[Black "Piscopo, Pierluigi"]
[Result "1/2-1/2"]
[WhiteElo "1800"]
[BlackElo "2289"]
[PlyCount "41"]
[EventDate "2002.07.12"]

1. e4 c5 2. Nf3 e6 3. d4 cxd4 4. Nxd4 Nf6 5. Nc3 Nc6 6. Ndb5 d6 7. Bf4 e5 8.
Bg5 a6 9. Na3 b5 10. Bxf6 gxf6 11. Nd5 f5 12. Bxb5 axb5 13. Nxb5 Qg5 14. O-O
Rb8 15. Nbc7+ Kd8 16. c3 Rg8 17. g3 f4 18. Qa4 Bd7 19. b4 Nxb4 20. Qa5 Nc6 21.
Ne6+ 1/2-1/2

[Event "IX Festival A"]
[Site "Campobasso ITA"]
[Date "2002.07.13"]
[Round "3"]
[White "Parrotta, Daniele"]
[Black "Petruccioli, Antonio"]
[Result "0-1"]
[WhiteElo "1768"]
[BlackElo "2078"]
[PlyCount "51"]
[EventDate "2002.07.12"]

1. e4 c5 2. c3 d5 3. exd5 Qxd5 4. d4 Nc6 5. Nf3 cxd4 6. cxd4 Bg4 7. Be2 e6 8.
O-O Bb4 9. h3 Bh5 10. a3 Ba5 11. b4 Bb6 12. Nc3 Qf5 13. d5 O-O-O 14. Bd3 Bxf3
15. Qd2 Qf6 16. dxc6 Bxc6 17. b5 Ba5 18. bxc6 Bxc3 19. cxb7+ Kb8 20. Qe3 Bxa1
21. Qe4 Qd4 22. Qc6 Ne7 23. Qb5 Qxd3 24. Bf4+ e5 25. Bxe5+ Bxe5 26. Qxe5+ 0-1

[Event "IX Festival A"]
[Site "Campobasso ITA"]
[Date "2002.07.13"]
[Round "3"]
[White "Passerotti, Pierluigi"]
[Black "Scalcione, Michelangelo"]
[Result "0-1"]
[WhiteElo "2284"]
[BlackElo "2368"]
[PlyCount "122"]
[EventDate "2002.07.12"]

1. d4 Nf6 2. c4 g6 3. f3 Bg7 4. e4 d6 5. Bd3 e5 6. d5 c6 7. Nc3 a6 8. Nge2 O-O
9. Be3 b5 10. dxc6 bxc4 11. Bxc4 Nxc6 12. a3 Be6 13. Qd3 Bxc4 14. Qxc4 Qd7 15.
O-O Ne7 16. Rfd1 Rfc8 17. Qd3 Rd8 18. Rd2 d5 19. exd5 Nexd5 20. Nxd5 Qxd5 21.
Rad1 Qxd3 22. Rxd3 Rxd3 23. Rxd3 e4 24. Rd6 exf3 25. gxf3 Ne8 26. Rb6 Nc7 27.
Bd4 Bf8 28. Nc3 Ne6 29. Be3 h5 30. Kf2 Kg7 31. f4 Be7 32. Kf3 Bd8 33. Rc6 a5
34. Ne2 Bf6 35. b4 axb4 36. axb4 Ra3 37. Rc4 Rb3 38. Ke4 Kf8 39. Nc1 Rb1 40.
Nd3 h4 41. Nc5 Be7 42. Nxe6+ fxe6 43. Bc5 Kf7 44. Bxe7 Kxe7 45. Ke5 Re1+ 46.
Re4 Rb1 47. h3 Rb3 48. Rc4 Re3+ 49. Kd4 Rxh3 50. Kc5 Rb3 51. b5 h3 52. Rc2 Kf6
53. b6 Kf5 54. Ra2 Kxf4 55. Ra4+ Kg5 56. Kc6 h2 57. Ra1 Kg4 58. b7 g5 59. Kc7
Kh4 60. Rh1 Kg3 61. Rd1 g4 0-1

[Event "IX Festival A"]
[Site "Campobasso ITA"]
[Date "2002.07.13"]
[Round "3"]
[White "Piro, Valerio"]
[Black "Ficco, Corrado"]
[Result "1/2-1/2"]
[WhiteElo "1705"]
[BlackElo "2124"]
[PlyCount "73"]
[EventDate "2002.07.12"]

1. c4 e5 2. Nc3 Nf6 3. Nf3 Nc6 4. e3 d5 5. cxd5 Nxd5 6. a3 a6 7. d4 exd4 8.
Nxd5 Qxd5 9. Nxd4 Nxd4 10. Qxd4 Qxd4 11. exd4 Bd6 12. Be3 Be6 13. g3 Bd5 14.
Rg1 O-O-O 15. Bg2 Bb3 16. Rc1 a5 17. Rc3 a4 18. Kd2 c5 19. Kc1 c4 20. Bd5 b5
21. Bxf7 Rhf8 22. Be6+ Kb8 23. Kb1 Kb7 24. d5 Be5 25. f4 Bxc3 26. bxc3 b4 27.
axb4 a3 28. Bc5 Rf6 29. f5 Rxe6 30. fxe6 Rxd5 31. e7 Re5 32. h4 Kc6 33. Rf1 Re2
34. Ka1 Kd7 35. b5 Ra2+ 36. Kb1 Rb2+ 37. Ka1 1/2-1/2

[Event "IX Festival A"]
[Site "Campobasso ITA"]
[Date "2002.07.13"]
[Round "3"]
[White "Piscopo, Pierluigi"]
[Black "Failli, Riccardo"]
[Result "1-0"]
[WhiteElo "2289"]
[BlackElo "1780"]
[PlyCount "33"]
[EventDate "2002.07.12"]

1. e4 e5 2. Nf3 Nc6 3. d4 exd4 4. Nxd4 Bc5 5. Nxc6 Qf6 6. Qd2 dxc6 7. Bd3 Be6
8. O-O O-O-O 9. Qg5 Bd4 10. Nc3 c5 11. Qg3 Qg6 12. Bg5 f6 13. Nb5 Be5 14. f4
Bxb2 15. f5 Be5 16. Qxe5 fxe5 17. fxg6 1-0

[Event "IX Festival A"]
[Site "Campobasso ITA"]
[Date "2002.07.13"]
[Round "3"]
[White "Rossi, Aldo A."]
[Black "Rossetti, Giovanni"]
[Result "1/2-1/2"]
[WhiteElo "1713"]
[BlackElo "1827"]
[PlyCount "51"]
[EventDate "2002.07.12"]

1. d4 d5 2. e3 Nf6 3. Bd3 e6 4. Nd2 c5 5. c3 Nc6 6. f4 c4 7. Bc2 b5 8. Ngf3 Bb7
9. Ne5 h5 10. Ndf3 Nxe5 11. fxe5 Ne4 12. O-O Be7 13. Bd2 f5 14. exf6 Bxf6 15.
a4 a6 16. axb5 axb5 17. Qe2 Qc7 18. Rxa8+ Bxa8 19. Ra1 O-O 20. Be1 Bc6 21. Nd2
g6 22. Nxe4 dxe4 23. Bg3 Qb7 24. Bd6 Ra8 25. Qe1 Rxa1 26. Qxa1 1/2-1/2

[Event "IX Festival A"]
[Site "Campobasso ITA"]
[Date "2002.07.13"]
[Round "3"]
[White "Santurbano, Maria Vincenza"]
[Black "Decataldo, Alba"]
[Result "0-1"]
[WhiteElo "1743"]
[BlackElo "1899"]
[PlyCount "72"]
[EventDate "2002.07.12"]

1. e4 e5 2. Nf3 Nc6 3. Bb5 a6 4. Ba4 Nf6 5. O-O b5 6. Bb3 Be7 7. Re1 O-O 8. c3
d5 9. exd5 Nxd5 10. h3 Be6 11. d4 exd4 12. cxd4 Re8 13. Nc3 b4 14. Ne4 h6 15.
Ba4 Bd7 16. Qd3 Ne5 17. Nxe5 Bxa4 18. Qg3 Kf8 19. Qf3 Nf6 20. Ng3 Qxd4 21. Nf5
Qd5 22. Qg3 Nh5 23. Qg4 Bf6 24. Qxb4+ c5 25. Qxa4 Bxe5 26. Be3 Bxb2 27. Rab1
Bc3 28. Rec1 Qxf5 29. Rb6 Ng3 30. Qc4 Bd4 31. Bxd4 Ne2+ 32. Kf1 Nxc1 33. Bxg7+
Kxg7 34. Qc3+ Qe5 35. Qxc1 Re6 36. Rb3 Qe2+ 0-1

[Event "IX Festival A"]
[Site "Campobasso ITA"]
[Date "2002.07.13"]
[Round "3"]
[White "Shytaj, Carlo"]
[Black "Ljubisavljevic, Zivojin Z."]
[Result "0-1"]
[WhiteElo "2112"]
[BlackElo "2275"]
[PlyCount "62"]
[EventDate "2002.07.12"]

1. e4 g6 2. d4 Bg7 3. f4 c5 4. c3 cxd4 5. cxd4 d6 6. Nc3 Nf6 7. Nf3 O-O 8. Be3
a6 9. Qb3 Nbd7 10. Bd3 e5 11. fxe5 dxe5 12. O-O Nc5 13. dxc5 Qxd3 14. Rfe1 Be6
15. Nxe5 Qd8 16. Qa4 Qc7 17. Nd3 Rad8 18. Rad1 Rxd3 19. Rxd3 Ng4 20. g3 Nxe3
21. Rdxe3 Qxc5 22. Kg2 h5 23. a3 h4 24. Qb4 h3+ 25. Kh1 Qe5 26. Qxb7 Rb8 27.
Qxa6 Rxb2 28. Qa8+ Kh7 29. Nd5 Rd2 30. Nf4 Qb2 31. Ne2 Bd4 0-1

[Event "IX Festival A"]
[Site "Campobasso ITA"]
[Date "2002.07.13"]
[Round "3"]
[White "Shytaj, Luca"]
[Black "Gagliardi, Pietro"]
[Result "1-0"]
[WhiteElo "2216"]
[BlackElo "2205"]
[PlyCount "59"]
[EventDate "2002.07.12"]

1. e4 c6 2. d4 d5 3. exd5 cxd5 4. Bd3 Nc6 5. c3 Nf6 6. Bf4 g6 7. Nf3 Nh5 8. Be3
Bg7 9. Nbd2 O-O 10. O-O Bg4 11. Re1 Qd6 12. Qb3 b6 13. Rac1 Rad8 14. h3 Bc8 15.
Bf1 Nf4 16. Kh1 Ne6 17. Nb1 f5 18. Na3 Nc7 19. c4 f4 20. Bd2 Nxd4 21. Nxd4 Bxd4
22. cxd5 f3 23. Rxc7 fxg2+ 24. Bxg2 Rxf2 25. Nb5 Qf6 26. d6+ e6 27. Nxd4 Rxd2
28. Nxe6 Bxe6 29. Rxe6 Rxb2 30. Re8# 1-0

[Event "IX Festival A"]
[Site "Campobasso ITA"]
[Date "2002.07.13"]
[Round "3"]
[White "Stromboli, Carlo"]
[Black "Lettieri, Giuseppe"]
[Result "0-1"]
[WhiteElo "1846"]
[BlackElo "1711"]
[PlyCount "68"]
[EventDate "2002.07.12"]

1. e4 c5 2. Nc3 d6 3. f4 Nc6 4. Nf3 e6 5. Bc4 Nf6 6. O-O Be7 7. d3 O-O 8. h3 a6
9. a4 b6 10. g4 d5 11. exd5 Nxd5 12. Bxd5 exd5 13. f5 Bf6 14. Bf4 Re8 15. Qd2
Nd4 16. Kh2 Nxf3+ 17. Rxf3 Bb7 18. Rff1 Bh4 19. d4 Bf6 20. Ne2 Re4 21. dxc5
bxc5 22. g5 Be5 23. Bxe5 Rxe5 24. Ng3 d4 25. f6 Qd5 26. h4 Rae8 27. fxg7 Re2+
28. Rf2 Rxd2 29. Rxd2 Qd6 30. Rg1 Re3 31. Rf2 Rf3 32. Re2 Kxg7 33. h5 Qf4 34.
Kh3 Bc8+ 0-1

[Event "IX Festival A"]
[Site "Campobasso ITA"]
[Date "2002.07.13"]
[Round "3"]
[White "Stromboli, Ettore"]
[Black "Cacco, Christian"]
[Result "0-1"]
[WhiteElo "1771"]
[BlackElo "2248"]
[PlyCount "94"]
[EventDate "2002.07.12"]

1. e4 g6 2. d4 Bg7 3. c3 a6 4. Bd3 d6 5. f4 c5 6. dxc5 dxc5 7. Nf3 Nf6 8. a4 c4
9. Bxc4 Qxd1+ 10. Kxd1 Nxe4 11. Be3 O-O 12. Ke2 Nd6 13. Bb3 Nc6 14. a5 Bf5 15.
Nbd2 Rfe8 16. Nc4 Nxc4 17. Bxc4 e5 18. Kf2 exf4 19. Bxf4 Re4 20. Bxf7+ Kxf7 21.
Ng5+ Kg8 22. Nxe4 Bxe4 23. Rhe1 Bf5 24. h3 h5 25. Re2 Bf6 26. Ra3 Rc8 27. b4
Na7 28. Be5 Nb5 29. Ra1 Kf7 30. Rae1 Nxc3 31. Re3 Nd5 32. Rf3 Rc4 33. Bd6 Nxb4
34. Rd1 Nc6 35. Ra3 Bd4+ 36. Kf1 Ke6 37. Bg3 Bc5 38. Ra2 h4 39. Re2+ Kf7 40.
Bh2 Rc3 41. Red2 Nxa5 42. Be5 Rc4 43. Rb2 b5 44. Ra2 Nc6 45. Bc7 Nb4 46. Ra5
Bd3+ 47. Ke1 Re4+ 0-1

[Event "IX Festival A"]
[Site "Campobasso ITA"]
[Date "2002.07.13"]
[Round "4"]
[White "Bove, Raffaele"]
[Black "Grimaldi, Pasquale"]
[Result "0-1"]
[WhiteElo "1720"]
[BlackElo "1702"]
[PlyCount "72"]
[EventDate "2002.07.12"]

1. e4 e6 2. d4 d5 3. e5 c5 4. c3 Qb6 5. Nf3 Bd7 6. Be2 Bb5 7. O-O Bxe2 8. Qxe2
Qa6 9. Qe3 cxd4 10. cxd4 Ne7 11. g4 Nbc6 12. Bd2 Ng6 13. a3 Be7 14. Bc3 h6 15.
Nbd2 b6 16. Kg2 Kd7 17. b4 Qa4 18. Rfc1 Rag8 19. Kg3 Nf8 20. h4 f5 21. exf6
gxf6 22. Kh3 h5 23. g5 Nd8 24. Bb2 fxg5 25. hxg5 Nf7 26. Qf4 Ke8 27. Rc8+ Bd8
28. Rac1 Ng6 29. Qf6 Qd7 30. R1c7 Qxc7 31. Rxc7 Bxf6 32. gxf6 Nf4+ 33. Kh2 Rg2+
34. Kh1 Rhg8 35. Rxa7 Nd3 36. Ra8+ Nd8 0-1

[Event "IX Festival A"]
[Site "Campobasso ITA"]
[Date "2002.07.13"]
[Round "4"]
[White "Cacco, Christian"]
[Black "Mrdja, Milan"]
[Result "1-0"]
[WhiteElo "2248"]
[BlackElo "2370"]
[PlyCount "105"]
[EventDate "2002.07.12"]

1. d4 Nf6 2. Nf3 g6 3. g3 Bg7 4. Bg2 O-O 5. O-O c6 6. Re1 d5 7. Nc3 Ne4 8. Nxe4
dxe4 9. Ng5 f5 10. c3 h6 11. Nh3 g5 12. f3 e5 13. dxe5 Qb6+ 14. Qd4 c5 15. Qd6
Qxd6 16. exd6 exf3 17. exf3 Nd7 18. f4 g4 19. Nf2 Rb8 20. Nd3 Rd8 21. Bd5+ Kh7
22. Be3 Nf6 23. Bg2 b6 24. Ne5 Rxd6 25. b4 cxb4 26. cxb4 Bb7 27. Rad1 Rxd1 28.
Rxd1 Bxg2 29. Kxg2 Rc8 30. Rc1 Rxc1 31. Bxc1 Nd5 32. Nc6 a6 33. a4 Kg6 34. Bd2
Bc3 35. Bxc3 Nxc3 36. a5 bxa5 37. bxa5 Nd5 38. Kf2 Kf6 39. Ke2 h5 40. Nb8 Nc7
41. Kd3 Ke6 42. Nc6 Nd5 43. Nd4+ Kf6 44. Kc4 Ne3+ 45. Kc5 Nf1 46. Kb6 Nxh2 47.
Kxa6 Nf3 48. Ne2 Nd2 49. Kb5 Ne4 50. Kc6 Nxg3 51. Nxg3 h4 52. Ne2 g3 53. Ng1
1-0